Finančný manažment

Saved in:
Bibliographic Details
Format: Serial
Language:Slovak
Published: Bratislava Iura Edition 2013
Subjects:
Tags: Add Tag
No Tags, Be the first to tag this record!

MARC

LEADER 00000nas2a2200000 4500
001 0239308
005 20180124111612.8
022 |a 1338-7065 
041 0 |a slo 
044 |a SK 
245 1 0 |a Finančný manažment 
264 1 |a Bratislava  |b Iura Edition  |c 2013 
773 0 |w eu_un_cat*0151114 
610 2 0 |a manažment finančný 
610 2 0 |a riadenie finančné 
610 2 0 |a kontroling 
610 2 0 |a kontroling podnikový 
610 2 0 |a manažment personálny